书目信息 |
| 题名: |
港口、海岸工程水力模型实验教程
|
|
| 作者: | 韩丽华 , 姜萌 , 马震岳 编著 | |
| 分册: | ||
| 出版信息: | 大连 大连理工大学出版社 2007.03 |
|
| 页数: | 79页 | |
| 开本: | 26cm | |
| 丛书名: | ||
| 单 册: | ||
| 中图分类: | U65-33 , P753-33 | |
| 科图分类: | ||
| 主题词: | 港口工程--gang kou gong cheng--水工试验--高等学校--教材 , 海岸工程--hai an gong cheng--水工试验--高等学校--教材 | |
| 电子资源: | ||
| ISBN: | 978-7-5611-3535-8 | |
| 000 | 01301nam0 2200313 450 | |
| 001 | 012010302313 | |
| 005 | 20100102155705.17 | |
| 010 | @a978-7-5611-3535-8@dCNY9.00 | |
| 100 | @a20100102d2007 em y0chi0120 ea | |
| 101 | 0 | @achi |
| 102 | @aCN@b210000 | |
| 105 | @aak a 000yy | |
| 106 | @ar | |
| 200 | 1 | @a港口、海岸工程水力模型实验教程@Agang kou、hai an gong cheng shui li mo xing shi yan jiao cheng@d= Harbour, coastal engineering hydraulic experiment@f韩丽华,姜萌,马震岳编著@Fhan li hua,jiang meng,ma zhen yue bian zhu@zeng |
| 210 | @a大连@c大连理工大学出版社@d2007.03 | |
| 215 | @a79页@c图@d26cm | |
| 300 | @a高等学校理工科土木工程类规划教材 | |
| 320 | @a有书目 | |
| 330 | @a本书详细介绍了港口、海岸工程教学试验的若干重要实例,包括港内波况模型试验、斜坡式防波堤试验、直立堤试验、船舶泊稳模型试验以及波浪荷载对桩柱的作用力试验。 | |
| 510 | 1 | @aHarbour, coastal engineering hydraulic experiment@zeng |
| 606 | 0 | @a港口工程@Agang kou gong cheng@x水工试验@x高等学校@j教材 |
| 606 | 0 | @a海岸工程@Ahai an gong cheng@x水工试验@x高等学校@j教材 |
| 690 | @aU65-33@v4 | |
| 690 | @aP753-33@v4 | |
| 701 | 0 | @a韩丽华@Ahan li hua@4编著 |
| 701 | 0 | @a姜萌@Ajiang meng@4编著 |
| 701 | 0 | @a马震岳@Ama zhen yue@4编著 |
| 801 | 0 | @aCN@bQSSK@c20100102 |
| 905 | @b769808-09@dU65-33@eH082@f2 | |
| 港口、海岸工程水力模型实验教程= Harbour, coastal engineering hydraulic experiment/韩丽华,姜萌,马震岳编著.-大连:大连理工大学出版社,2007.03 |
| 79页:图;26cm |
| 高等学校理工科土木工程类规划教材 |
| ISBN 978-7-5611-3535-8:CNY9.00 |
| 本书详细介绍了港口、海岸工程教学试验的若干重要实例,包括港内波况模型试验、斜坡式防波堤试验、直立堤试验、船舶泊稳模型试验以及波浪荷载对桩柱的作用力试验。 |
| ● |
| 相关链接 |
|
|
|
正题名:港口、海岸工程水力模型实验教程
索取号:U65-33/H082
 
预约/预借
| 序号 | 登录号 | 条形码 | 馆藏地/架位号 | 状态 | 备注 |
| 1 | 769808 | 207698080 | 期刊室512/501自科库 59排1列1层/ [索取号:U65-33/H082] | 在馆 | |
| 2 | 769809 | 207698099 | 期刊室512/501自科库 59排1列1层/ [索取号:U65-33/H082] | 在馆 |